000
00317nam a2200121Ia 4500
008
190216s9999||||xx |||||||||||||| ||und||
100
_a
"Keith Yorston R, Bryan Smyth E
 Brown Sr"
245
0
_a
Advanced Accounting
260
_b
Nm Thripathi Pvt Ltd
_c
1968
300
_a
561p
650
_a
Accounting
942
_c
BK
999
_c
3960
_d
3960